An experimental study of statically loaded hydrostatic thrust bearings / (رقم التسجيلة. 178650)
[ عرض عادي ]
| 000 -LEADER | |
|---|---|
| fixed length control field | 01517namaa22003251i 4500 |
| 005 - أخر تعامل مع التسجيلة | |
| control field | 20260406133309.0 |
| 008 - FIXED-LENGTH DATA ELEMENTS--GENERAL INFORMATION | |
| fixed length control field | 260223s1994 ua a|||fr|m|| 000 0 eng d |
| 040 ## - CATALOGING SOURCE | |
| Original cataloguing agency | EG-GICUC |
| Language of cataloging | eng |
| Transcribing agency | EG-GICUC |
| Modifying agency | EG-GICUC |
| Description conventions | rda |
| 041 0# - LANGUAGE CODE | |
| Language code of text/sound track or separate title | eng |
| Language code of summary or abstract | eng |
| -- | ara |
| 049 ## - Acquisition Source | |
| Acquisition Source | Deposit |
| 097 ## - Degree | |
| Degree | Ph.D |
| 099 ## - LOCAL FREE-TEXT CALL NUMBER (OCLC) | |
| Local Call Number | Cai01.13.11.Ph.D.1994.Do.E |
| 100 0# - MAIN ENTRY--PERSONAL NAME | |
| Authority record control number or standard number | Doried Mohammed Mokhtar , |
| Preparation | preparation. |
| 245 10 - TITLE STATEMENT | |
| Title | An experimental study of statically loaded hydrostatic thrust bearings / |
| Statement of responsibility, etc. | By Doried Mohammed Mokhtar; Supervised .Prof.Dr. Zeinab.S.Safar, Prof.Dr. Mokhtar. O . Abas Mokhtar, Dr. Tarek Abd El- Sadek Osman |
| 246 15 - VARYING FORM OF TITLE | |
| Title proper/short title | دراسة عملية عن سلوك كرلس للمحاور الايدروستاتيكية التزليق والمحملة استاتكيا |
| 264 #0 - PRODUCTION, PUBLICATION, DISTRIBUTION, MANUFACTURE, AND COPYRIGHT NOTICE | |
| Date of production, publication, distribution, manufacture, or copyright notice | 1994. |
| 300 ## - PHYSICAL DESCRIPTION | |
| Extent | 117 Pages : |
| Other physical details | illustrations ; |
| Dimensions | 25 cm. + |
| 336 ## - CONTENT TYPE | |
| Source | rda content |
| Content type term | text |
| 337 ## - MEDIA TYPE | |
| Source | rdamedia |
| Media type term | Unmediated |
| 338 ## - CARRIER TYPE | |
| Source | rdacarrier |
| Carrier type term | volume |
| 502 ## - DISSERTATION NOTE | |
| Dissertation note | Thesis (Ph.D)-Cairo University, 1994 |
| 504 ## - BIBLIOGRAPHY, ETC. NOTE | |
| Bibliography, etc. note | Bibliography: pages 111 : 117 |
| 653 #0 - INDEX TERM--UNCONTROLLED | |
| Uncontrolled term | An experimental statically |
| -- | loaded hydrostatic |
| -- | thrust bearings |
| 700 0# - ADDED ENTRY--PERSONAL NAME | |
| Personal name | Zeinab.S.Safar |
| Relator term | thesis advisor. |
| 700 0# - ADDED ENTRY--PERSONAL NAME | |
| Personal name | Mokhtar. O . Abas Mokhtar |
| Relator term | thesis advisor. |
| 700 0# - ADDED ENTRY--PERSONAL NAME | |
| Personal name | Tarek Abd El- Sadek Osman |
| Relator term | thesis advisor. |
| 900 ## - Thesis Information | |
| Department | Department of Mechanical |
| Faculties | Faculty of Engineering |
| Universities | Cairo University |
| Grant date | 1994 |
| Supervisory body | Zeinab.S.Safar |
| -- | Mokhtar. O . Abas Mokhtar |
| -- | Tarek Abd El- Sadek Osman |
| Discussion body | Zeinab.S.Safar |
| 905 ## - Cataloger and Reviser Names | |
| Cataloger Name | Nagat Ghanem |
| Reviser Names | Nourhan |
| 942 ## - ADDED ENTRY ELEMENTS (KOHA) | |
| Source of classification or shelving scheme | Dewey Decimal Classification |
| Koha item type | Thesis |
| Edition | 21 |
| Suppress in OPAC | No |
| Source of classification or shelving scheme | Home library | Current library | Date acquired | Inventory number | Full call number | Barcode | Date last seen | Effective from | Koha item type |
|---|---|---|---|---|---|---|---|---|---|
| Dewey Decimal Classification | المكتبة المركزبة الجديدة - جامعة القاهرة | مكتبة المئوية | 23.02.2026 | 24672 | Cai01.13.11.Ph.D.1994.Do.E. | 01010110024672000 | 23.02.2026 | 23.02.2026 | Thesis |